| 000 | 00000nam##2200000za#4500 |
| 001 | 9.669550 |
| 003 | CaOODSP |
| 005 | 20210615124905 |
| 007 | ta |
| 008 | 150407|2007||||xxc||||| f|0| 0 fre|d |
| 040 | |aCaOODSP|bfre |
| 041 | |aeng |
| 041 | |afre |
| 043 | |an-cn--- |
| 086 | 1 |aH14-10/2007 |
| 110 | 1 |aCanada. |bSanté Canada. |
| 245 | 10|aL'information à portée de la main - Santé Canada, Région du Québec |
| 260 | |aOttawa - Ontario : |bSanté Canada |c[2007]. |
| 300 | |a[10]p. : |bphotographies ; |c11 cm. |
| 500 | |aLe n° de catalogue (H14-10/2007F) et ISBN (978-0-662-07279-9) pour l'édition imprimée français ont été incorrectement copiés dans cette édition bilingue imprimée. |
| 563 | |aCouverture souple |
| 590 | |a07-50|b2007-12-14 |
| 691 | 07|aPromotion de la santé|2gcpds |
| 776 | 0#|tInformation within your reach - Health Canada, Quebec Region |w(CaOODSP)9.675737 |
| 791 | |tInformation within your reach - Health Canada, Quebec Region |eeng|w(CaOODSP)9.669549 |